Eliminierung nach Kategorie - Länder #3 - Statistiken

Allgemein
  • Dieses Quiz wurde 743 mal gespielt
  • Das Durchschnittsergebnis liegt bei 12 aus 16
Antwortstatistiken
Gruppe # Kategorie % Korrekt
Grün 47 Länder, die Inselstaaten sind
100%
Grün 30 ... die Englisch als Amtssprache haben
98%
Gelb 22 Länder mit mindestens sieben Nachbarstaaten
95%
Gelb 13 ... die an kein englischsprachiges Land grenzen
95%
Gelb 9 ... die an kein französischsprachiges Land grenzen
91%
Blau 13 Länder, die bereits Olympische Medaillen im Badminton gewannen
84%
Rosa 20 Länder, die vor 1960 von Großbritannien unabhängig wurden
82%
Grün 4 ... in denen Rugby die beliebteste Sportart ist
81%
Rosa 11 ... die eine Landfläche von mindestens 500.000 km² haben
79%
Grün 1 ... wo der Regisseur Peter Jackson geboren wurde Neuseeland
69%
Blau 8 ... wo Teile des Landes einmal zum Niederländischen Kolonialreich gehörten
68%
Rosa 5 ... die nicht in Asien oder Nordamerika liegen
66%
Blau 3 ... die Inselstaaten sind
60%
Blau 1 ... die mehrheitlich muslimisch sind Indonesien
48%
Gelb 1 ... die bereits zweimal Vize-Fußball-Weltmeister der Herren wurden Ungarn
32%
Rosa 1 ... in denen ein UN-Generalsekretär geboren wurde Ägypten
20%
Keine übereinstimmenden Quizze gefunden
Verteilung der Resultate
Anzahl Personen mit jedem Resultat
Perzentil nach korrekt beantworteten Fragen
Ihre Resultats-Entwicklung
Sie haben dieses Quiz noch nicht gespielt